000
00303nam a22001457a 4500
005
20160628154844.0
008
160628b xxu||||| |||| 00| 0 eng d
041
_a
eng
082
_b
10789
245
_a
Strategic HR
260
_b
SCDL Pune
300
_a
336
650
_a
Management
_9
241
942
_c
BK
999
_c
4540
_d
4539